000 00364nam a2200169Ia 4500
100 _aBalasubramaniam/M
650 _aIT
942 _cBK
366 _f20
654 _aIT interview
245 _aCracking IT interview
260 _bTata Mc Graw hill Ltd.
_aNew Delhi
_c2006
082 _a003.54/BAL
_bBAL
300 _a373
546 _aENGLISH
999 _c29504
_d29504